2000's Alternative Rock Bands - Statistics

General Stats
  • This quiz has been taken 729 times
  • The average score is 12 of 20
Answer Stats
Song Band % Correct
Numb Linkin Park
87%
Seven Nation Army The White Stripes
86%
Feel Good Inc Gorillaz
85%
Yellow Coldplay
83%
All The Small Things Blink 182
81%
Somebody Told Me The Killers
75%
Bring Me To Life Evanescence
74%
Do I Wanna Know? Arctic Monkeys
70%
The Middle Jimmy Eat World
63%
Kryptonite 3 Doors Down
59%
Use Somebody Kings Of Leon
58%
Chasing Cars Snow Patrol
54%
Gives You Hell The All-American Rejects
54%
The Reason Hoobastank
46%
The Kill Thirty Seconds To Mars
43%
No One Knows Queens Of The Stone Age
40%
Float On Modest Mouse
36%
My Sacrifice Creed
33%
Paralyzer Finger Eleven
30%
Crazy Gnarls Barkley
28%
No matching quizzes found
Score Distribution
Percent of People with Each Score
Percentile by Number Answered
Your Score History
You have not taken this quiz